000 01162nam a22003017i 4500
003 EG-GICUC
005 20260121101553.0
008 251230s1955 fr b|||fr|||| 001 0 fre d
040 _aEG-GiCUC
_bfre
_cEG-GiCUC
_dEG-GiCUC
_eRda
041 _afre
082 0 4 _221
_a341.3040
_bRE . H
092 0 4 _221
099 _aLaw1 11 341.3040 RE . H 1955
100 1 _aRenouvin, Pierre,
_d1893-1974,
_eAuteur
245 1 0 _aHistoire Des Relations Internationales.
_nTome Sixieme,
_pLe Xix Siècle II- De 1871 À 1914 L'apogée De L'europe /
_cpar Pierre Renouvin ; Publiée Sous La Direction De Pierre Renouvin.
264 1 _aParis :
_bHachette,
_c1955.
300 _a393 pages :
_bmaps ;
_c24 cm.
336 _2rda contenu
_a texte
337 _2rda medias
_aOrdinateur
338 _2 transporteur rda
_a Ressource en ligne
504 _aInclude Bibliography And Bibliographic references and index
546 _aTexte en français
650 1 4 _aRelations internationales
_xDroit international public
_yLe Xix Siècle
_zEurope
_2qrmak
651 1 _2qrmak
856 4 0 _uhttps://fll.law.cu.edu.eg/fulltext/bksB11-06755.pdf
905 _a75
942 _2ddc
_cBK
_e21
_n0
999 _c53374
_d53374